<?xml version="1.0" encoding="UTF-8"?>
<record
    xmlns:xsi="http://www.w3.org/2001/XMLSchema-instance"
    xsi:schemaLocation="http://www.loc.gov/MARC21/slim http://www.loc.gov/standards/marcxml/schema/MARC21slim.xsd"
    xmlns="http://www.loc.gov/MARC21/slim">

  <leader>00868nam a2200193 i 4500</leader>
  <controlfield tag="001">37661</controlfield>
  <controlfield tag="003">ES-MaACL</controlfield>
  <controlfield tag="005">20250727071244.0</controlfield>
  <controlfield tag="007">t|</controlfield>
  <controlfield tag="008">030221s1863    sp           ||||1| spa d</controlfield>
  <datafield tag="100" ind1="1" ind2=" ">
    <subfield code="a">Caballero, Fern&#xE1;n.</subfield>
    <subfield code="9">33079</subfield>
  </datafield>
  <datafield tag="245" ind1="1" ind2="3">
    <subfield code="a">Un servil&#xF3;n y un liberalito o Tres almas de Dios / </subfield>
    <subfield code="c">Fern&#xE1;n Caballero (seud. de Cecilia Boehl de Faber) ; pr&#xF3;logo de Antonio Aparisi Guijarro.</subfield>
  </datafield>
  <datafield tag="260" ind1=" " ind2=" ">
    <subfield code="a">Madrid : </subfield>
    <subfield code="b">[s.n.], </subfield>
    <subfield code="c">1863 (</subfield>
    <subfield code="f">Est. tip. de Mellado)</subfield>
  </datafield>
  <datafield tag="300" ind1=" " ind2=" ">
    <subfield code="a">XVIII, 247 p. ; </subfield>
    <subfield code="c">18 cm.</subfield>
  </datafield>
  <datafield tag="505" ind1="8" ind2=" ">
    <subfield code="a">Contiene adem&#xE1;s: P&#xE1;g. 101 : El ex-voto. P&#xE1;g 153 : Matrimonio bien avenido junto al marido. P&#xE1;g 183: Promesa de un soldado a la Virgen del Carmen. P&#xE1;g 205 : El Alc&#xE1;zar de Sevilla. P&#xE1;g 227 : Un serm&#xF3;n bajo naranjos</subfield>
  </datafield>
  <datafield tag="700" ind1="1" ind2=" ">
    <subfield code="a">Aparisi y Guijarro, Antonio,</subfield>
    <subfield code="d">1815-1872</subfield>
    <subfield code="9">22085</subfield>
  </datafield>
  <datafield tag="852" ind1=" " ind2=" ">
    <subfield code="a">ES-MaACL</subfield>
    <subfield code="j">D-3125</subfield>
  </datafield>
  <datafield tag="999" ind1=" " ind2=" ">
    <subfield code="c">37661</subfield>
    <subfield code="d">37661</subfield>
  </datafield>
  <datafield tag="952" ind1=" " ind2=" ">
    <subfield code="0">0</subfield>
    <subfield code="1">0</subfield>
    <subfield code="4">0</subfield>
    <subfield code="7">0</subfield>
    <subfield code="8">LIBXIX</subfield>
    <subfield code="a">ATENEOM</subfield>
    <subfield code="b">ATENEOM</subfield>
    <subfield code="c">SVI</subfield>
    <subfield code="d">2008-01-17</subfield>
    <subfield code="e">SC</subfield>
    <subfield code="l">0</subfield>
    <subfield code="o">D-3125</subfield>
    <subfield code="p">901039644</subfield>
    <subfield code="r">2023-02-23 00:00:00</subfield>
    <subfield code="w">2023-02-23</subfield>
    <subfield code="y">MONANT</subfield>
  </datafield>
</record>
